000
00200 a2200085 4500
020
_a
9783966800136
100
_a
Mehrotra, Rahul
245
_a
The kinetic city & other essays
260
_b
Architangle
_c
2021
999
_c
13156
_d
13156